Návrh technológie na separáciu viazložkovej zmesi pri výrobe DMC bakalárska práca

Saved in:
Bibliographic Details
Main Author: Orságová, Martina
Format: Book
Language:Slovak
Published: Bratislava STU FCHPT 2014
Online Access:View in OPAC
Tags: Add Tag
No Tags, Be the first to tag this record!

MARC

LEADER 00000nam a2200000 a 4500
005 20260127134240.0
008 140917 2014 000 0 slo d
035 |a vtls010620478 
039 9 |y 201409171425  |z mschk03 
040 |a STUSCHK1  |b slo  |c STUSCHK1  |e AACR2 
100 1 |a Orságová, Martina 
245 1 |a Návrh technológie na separáciu viazložkovej zmesi pri výrobe DMC  |b bakalárska práca  |c Martina Orságová 
260 |a Bratislava  |b STU FCHPT  |c 2014 
300 |a 38 s.  |b Obr.  |c 30 cm 
500 |a Obhájené: 15.7.2014 
500 |a Štud. program: chemické inžinierstvo 
500 |a Štud. odbor: chemické inžinierstvo 
500 |a Školiace pracovisko: Odd. chemického a biochemického inžinierstva 
500 |a Evid. číslo: FCHPT-5431-43129 
910 |a SCHK95 
999 |c 7813  |d 7813